Tài liệu luyện thi bằng Proficiency; T1 Progress to Proficiency

Nội dung gồm 18 bài học Anh ngữ, mỗi bài dựa vào một chủ đề riêng biệt. Những bài tập được soạn để trau dồi kỹ năng ngôn ngữ riêng: từ vựng, bài đọc, cách dùng tiếng Anh, bài nghe, trao đổi thông tin và tập làm văn...

Descrición completa

Gardado en:
Detalles Bibliográficos
Autor Principal: Leo Jones
Formato: Libro
Idioma:Undetermined
Publicado: Tp. HCM Trẻ 1998
Những chủ đề:
Các nhãn: Engadir etiqueta
Sen Etiquetas, Sexa o primeiro en etiquetar este rexistro!
Thư viện lưu trữ: Trung tâm Học liệu Trường Đại học Cần Thơ
LEADER 00866nam a2200193Ia 4500
001 CTU_25339
008 210402s9999 xx 000 0 und d
082 |a 428 
082 |b J78/T1 
100 |a Leo Jones 
245 0 |a Tài liệu luyện thi bằng Proficiency; T1 
245 0 |b Progress to Proficiency 
245 0 |c Leo Jones 
260 |a Tp. HCM 
260 |b Trẻ 
260 |c 1998 
520 |a Nội dung gồm 18 bài học Anh ngữ, mỗi bài dựa vào một chủ đề riêng biệt. Những bài tập được soạn để trau dồi kỹ năng ngôn ngữ riêng: từ vựng, bài đọc, cách dùng tiếng Anh, bài nghe, trao đổi thông tin và tập làm văn 
650 |a english language - study and teaching 
980 |a Trung tâm Học liệu Trường Đại học Cần Thơ